000 00326nam a2200133 i 4500
001 bg
100 1 _aKUCHARCZYK, J.
245 0 _aAlgorytmy analizy skupień w języku ALGOL 60 /
_cJ. Kucharczyk.
260 _aWarszawa,
_c1982.
040 _cBPK
041 _apol
942 _cKS
008 s pl f |000 0 pol
999 _c21149
_d21149
856 _uhttp://koha.tu.koszalin.pl/cgi-bin/koha/opac-detail.pl?biblionumber=21149
_yKatalog online BPK